| 000 | 02006cam a22004454i 4500 | ||
|---|---|---|---|
| 003 | PE-LiUPU | ||
| 005 | 20250731173011.0 | ||
| 008 | 150623s1987 ag a r 000 0 spa d | ||
| 035 | _a(Sirsi) a22730 | ||
| 040 |
_aPE-LiUPU _bspa _cPE-LiUPU _erda |
||
| 082 | 0 | 4 |
_a234.6 _bV44 _221 |
| 100 | 1 |
_aVenden, Morris L., _eautor. |
|
| 245 | 1 | 0 |
_aObediencia por fe / _cMorris L. Venden. |
| 264 | 1 |
_aFlorida : _bAsociación Publicadora Interamericana, _c1987. |
|
| 300 |
_a82 páginas : _bilustraciones, gráficos ; _c20 centímetros |
||
| 336 |
_atext _2rdacontent |
||
| 337 |
_aunmediated _2rdamedia |
||
| 338 |
_avolume _2rdacarrier |
||
| 505 | 0 | _aLa obediencia proviene sólo de la fe. -Porque la Biblia los dice así. -Debido a la naturaleza de la humanidad. -Debido a la naturaleza de la entrega. -Debido al control del Sábado. -Debido al reposo del sábado. -Debido a la naturaleza del arrepentimiento. -Debido a que es Fruto de la fe. -Debido al ejemplo de Cristo. | |
| 526 | _aSEG42 | ||
| 526 | _aSEG41 | ||
| 526 | _aSEG40 | ||
| 526 | _aSEG39 | ||
| 526 | _aP94 | ||
| 526 | _aP87 | ||
| 526 | _aP86 | ||
| 526 | _aP85 | ||
| 526 | _aP77 | ||
| 526 | _aP76 | ||
| 526 | _aP35 | ||
| 650 | 0 | 4 | _aObediencia (Religión). |
| 942 |
_2ddc _cBOOK |
||
| 949 |
_a234.6 V44 _wDEWEY _c1 _i32388 _lCCODEBUL1 _mBUL _p15.00 _r0 _sY _tBOOK _u2015-06-24 _xBIBLIOTECA _zUNKNOWN _0COMPRA _o.STAFF. Colección Teología |
||
| 949 |
_a234.6 V44 _wDEWEY _c2 _i32387 _lCCODEBUL1 _mBUL _p15.00 _r0 _sY _tBOOK _u2015-06-24 _xBIBLIOTECA _zUNKNOWN _0COMPRA _o.STAFF. Colección Teología |
||
| 596 | _a1 | ||
| 999 |
_a234.6 V44 _wDEWEY _c23334 _i32388 _d23334 _e2015-9-11 _f2021-11-11 _g5 _lCCODEBUL1 _mBUL _n4 _p15.00 _r0 _sY _tBOOK _u2015-6-24 _xTEOLOGIA _PP35 _0COMPRA _o.STAFF. Colección Teología |
||
| 999 |
_a234.6 V44 _wDEWEY _c2 _i32387 _d2019-7-31 _e2019-7-25 _f2021-11-11 _g5 _lCCODEBUL1 _mBUL _n8 _r0 _sY _tBOOK _u2015-6-24 _xTEOLOGIA _PP35 _0COMPRA _o.STAFF. Colección Teología |
||
| 980 |
_81 _gALBERTO SANCHEZ Responsable de Automatización |
||